Crime e castigo (Registo nº 233)
[ vista simples ]
| 000 -Etiqueta do registo | |
|---|---|
| Cabeçalho | 00816nam0a2200277 4500 |
| 005 - Identificador da versão | |
| Campo de controlo | 20240813121757.0 |
| 010 ## - Número internacional normalizado dos livros (ISBN) | |
| Número (ISBN) | 8496142590 |
| 021 ## - Número do Depósito Legal | |
| Código do país | PT |
| Número | B. 21779-2003 |
| 100 ## - Dados gerais de processamento | |
| Dados gerais de processamento | 20160317d2003 m y0pory5003 ba |
| 102 ## - Pais de publicação ou produção | |
| País de publicação | Portugal |
| 101 0# - Língua de publicação | |
| Língua do texto, banda sonora, etc. | Português |
| Língua do documento no original | Russo |
| 106 ## - Campo de dados codificados: material textual | |
| Dados codificados do material textual | r |
| 215 ## - Descrição física | |
| Indicação específica da natureza do documento e extensão da espécie | 576 p |
| 200 1# - Titulo e menção de responsabilidade | |
| Título próprio | Crime e castigo |
| Primeira menção de responsabilidade | Fiódor Dostoiévski |
| Outras menções de responsabilidade | trad. Nina Guerra, Filipe Guerra |
| 225 2# - Colecção | |
| Título próprio da colecção | Mil folhas |
| Indicação de volume | 55 |
| 210 ## - Publicação, Distribuição, etc. | |
| Lugar da edição, distribuição, etc. | Porto |
| Nome do editor, distribuidor, etc. | Público Comunicação Social |
| Data da publicação, distribuição, etc. | cop. 2003 |
| 606 ## - Nome comum usado como assunto | |
| Número de registo de entrada de autoridade | 0002795 |
| Palavra de ordem | Literatura russa |
| Subdivisão de assunto | Romance |
| Código do sistema | CA |
| 675 ## - Classificação Decimal Universal (CDU) | |
| Notação | 821.161.1-31 |
| Edição | 3ª ed. |
| Língua da edição | por |
| 702 ## - Nome de autor-pessoa física (responsabilidade secundária) | |
| Número de registo de entrada de autoridade | 0000299 |
| Palavra de ordem | Guerra |
| Outra parte do nome não tomada para palavra de ordem | Nina |
| Código de função | Tradutor |
| Número de registo de entrada de autoridade | 0000300 |
| Palavra de ordem | Guerra |
| Outra parte do nome não tomada para palavra de ordem | Filipe |
| Código de função | Tradutor |
| 700 #1 - Nome de autor-pessoa física (responsabilidade principal) | |
| Número de registo de entrada de autoridade | 0002808 |
| Palavra de ordem | Dostoiévski |
| Outra parte do nome não tomada para palavra de ordem | Fiódor |
| Datas | 1821-1881 |
| 966 ## - Identificação da Biblioteca | |
| Sigla | EB2,3ENM |
| 942 ## - Elementos de entrada adicionados (Koha) | |
| Tipo de item no Koha | Livro |
| Situação do levantamento | Origin of item (home branch) (coded) | Biblioteca de empréstimo | Código de barras | Cota | Circulation type (not for loan) | Tipo de documento | Nota do exemplar | Damaged status |
|---|---|---|---|---|---|---|---|---|
| Biblioteca Escolar Eng. Nuno Mergulhão | Biblioteca Escolar Eng. Nuno Mergulhão | BENM792 | 82LE-3 DOS | Livro | Sem mensagem |
